[Event "GER-ch U18 sf Berlin Online"]
[Site "Playchess.com INT"]
[Date "2020.05.01"]
[Round "3"]
[White "Doeding, Alexander Karsten"]
[Black "Costa, Leonardo"]
[Result "0-1"]
[WhiteElo "1620"]
[BlackElo "1928"]
[PlyCount "60"]
[EventDate "2020.05.01"]
[EventType "swiss (blitz)"]
[EventRounds "13"]
[EventCountry "GER"]
[SourceTitle "CBM 195 Extra"]
[Source "ChessBase"]
[SourceDate "2020.05.31"]
[SourceVersion "1"]
[SourceVersionDate "2020.05.31"]
[SourceQuality "1"]

1. e4 e5 2. Nf3 Nc6 3. Bc4 Bc5 4. c3 Nf6 5. d4 exd4 6. 0-0 dxc3 7. Nxc3 d6 8. Bg5 Be6 9. Bxe6 fxe6 10. e5 dxe5 11. Qxd8+ Rxd8 12. Bxf6 gxf6 13. Nb5 Bb6 14. a4 a6 15. a5 axb5 16. axb6 cxb6 17. Rfd1 Ke7 18. Rac1 Rxd1+ 19. Rxd1 Rd8 20. Re1 Rd3 21. h3 Rb3 22. Rb1 Nd4 23. Nd2 Rd3 24. Nf1 Kd6 25. Kh2 Kc5 26. Rc1+ Kd6 27. Ne3 f5 28. Nf1 e4 29. Rc8 Rd1 30. Rd8+ Ke7 0-1

[Event "GER-ch U18 sf Berlin Online"]
[Site "Playchess.com INT"]
[Date "2020.05.01"]
[Round "4"]
[White "Kempe, Caius Emilian"]
[Black "Doeding, Alexander Karsten"]
[Result "1-0"]
[WhiteElo "1484"]
[BlackElo "1620"]
[PlyCount "59"]
[EventDate "2020.05.01"]
[EventType "swiss (blitz)"]
[EventRounds "13"]
[EventCountry "GER"]
[SourceTitle "CBM 195 Extra"]
[Source "ChessBase"]
[SourceDate "2020.05.31"]
[SourceVersion "1"]
[SourceVersionDate "2020.05.31"]
[SourceQuality "1"]

1. b3 d5 2. Bb2 Nc6 3. e3 e5 4. Bb5 a6 5. Bxc6+ bxc6 6. Bxe5 Nf6 7. Nf3 Bd6 8. Bxd6 cxd6 9. 0-0 Bg4 10. h3 Bh5 11. c4 dxc4 12. bxc4 0-0 13. Nc3 d5 14. cxd5 cxd5 15. d4 Qd7 16. Qe2 Ne4 17. Rfc1 Bxf3 18. Qxf3 Nd2 19. Qe2 Nc4 20. Rab1 Rae8 21. Nxd5 Qxd5 22. Qxc4 Qg5 23. Qxa6 Re6 24. Qb5 Qh4 25. Qf1 Rg6 26. Kh2 Qg5 27. f4 Qh5 28. Rc5 Qh6 29. Rbb5 Rg4 30. Rh5 1-0